000 00481nam a2200217Ia 4500
003 OSt
005 20221006154738.0
006 a|||||r|||| 00| 0
007 ta
008 221006b |||||||| |||| 00| 0 eng d
024 _a39,175
037 _cTextual
040 _aEASL
_cEASL
_beng
041 _2eng
_aeng
100 _aYamamoto T
_9667313
245 0 _aDelhi
260 _c1972
300 _ap.
_ccm.
942 _cTEXL
_2CC
999 _c1107261
_d1107261